[Event "AUTO-OPEN-302"]
[Site "http://www.queenalice.com/game.php?id=79302"]
[Date "2006.6.22"]
[Round "1"]
[White "rodrigo1976"]
[Black "Cientista"]
[Result "0-1"]
[WhiteElo "1547"]
[BlackElo "1822"]

1. d4 d5 2. c4 c6 3. Nf3 Nf6 4. e3 e6 5. a3 Be7 6. Nc3 O-O 7. Bd3 dxc4 8. Bxc4
Nbd7 9. O-O Nb6 10. Bd3 c5 11. dxc5 Bxc5 12. b4 Be7 13. Qc2 Bd7 14. e4 Rc8 15.
Bd2 Nc4 16. Bxc4 Rxc4 17. Ne5 Rc8 18. Nxd7 Qxd7 19. Rfd1 Qc7 20. Qb3 Ng4 21.
Rac1 Qxh2+ 22. Kf1 Bh4 23. Be1 Qh1+ 24. Ke2 Qxg2 25. Kd3 Nxf2+ 26. Bxf2 Qxf2 27.
Qc2 Qf3+ 0-1

[Event "AUTO-OPEN-302"]
[Site "http://www.queenalice.com/game.php?id=79329"]
[Date "2006.6.22"]
[Round "1"]
[White "marcosnatal"]
[Black "rodrigo1976"]
[Result "1-0"]
[WhiteElo "1582"]
[BlackElo "1343"]

1. e4 c5 2. Nf3 d6 3. Bb5+ Bd7 4. Bxd7+ Nxd7 5. d4 cxd4 6. Nxd4 Ngf6 7. Nc3 g6
8. O-O Bg7 9. h3 O-O 10. Re1 a6 11. Nf3 b5 12. a3 Nb6 13. Bf4 Nh5 14. Bd2 Qc7
15. Qc1 e6 16. Ne2 d5 17. exd5 Nxd5 18. Rb1 Rac8 19. c3 Rfd8 20. Bh6 Nhf6 21.
Bxg7 Kxg7 22. Qg5 h6 23. Qc1 1-0

[Event "AUTO-OPEN-302"]
[Site "http://www.queenalice.com/game.php?id=79330"]
[Date "2006.6.22"]
[Round "1"]
[White "rodrigo1976"]
[Black "marcosnatal"]
[Result "0-1"]
[WhiteElo "1540"]
[BlackElo "1531"]

1. d4 d5 2. c4 Nf6 3. cxd5 Nxd5 4. e4 Nb6 5. Nf3 Bg4 6. Be2 e6 7. a3 Be7 8. b3
N8d7 9. Nc3 c6 10. O-O O-O 11. Be3 c5 12. dxc5 Nxc5 13. Bxc5 Bxc5 14. Qxd8 Rfxd8
15. b4 Bxf3 16. Bxf3 Bd4 17. Rac1 Nc4 18. a4 Nd2 19. Rfd1 Bxc3 20. Rxc3 Nxf3+
21. gxf3 Rxd1+ 22. Kg2 h6 23. Rc7 b6 24. b5 Ra1 0-1

[Event "AUTO-OPEN-303"]
[Site "http://www.queenalice.com/game.php?id=79503"]
[Date "2006.6.23"]
[Round "1"]
[White "luizao"]
[Black "rodrigo1976"]
[Result "1-0"]
[WhiteElo "1588"]
[BlackElo "1458"]

1. e4 e5 2. Nf3 d6 3. Bc4 Bg4 4. Nc3 Nf6 5. d3 a6 6. O-O Be7 7. Be3 c6 8. h3 Bh5
9. Na4 Nbd7 10. d4 Nxe4 11. Qd3 Bxf3 12. gxf3 Nef6 13. dxe5 Nxe5 14. Qb3 b5 15.
Nb6 bxc4 16. Qb4 Rb8 17. a4 Nd5 18. a5 Nxb4 19. f4 Nxc2 20. Rac1 Nxe3 21. Rfe1
Nf3+ 22. Kh1 Nxe1 23. Rxe1 Nd5 24. Nxd5 1-0

[Event "AUTO-OPEN-303"]
[Site "http://www.queenalice.com/game.php?id=79504"]
[Date "2006.6.23"]
[Round "1"]
[White "rodrigo1976"]
[Black "luizao"]
[Result "0-1"]
[WhiteElo "1484"]
[BlackElo "1563"]

1. d4 d5 2. c4 dxc4 3. Qa4+ Qd7 4. Qxc4 Nf6 5. Nf3 Nc6 6. e3 e6 7. Qc2 e5 8.
dxe5 Nd5 9. a3 Be7 10. Nc3 Nxc3 11. Qxc3 O-O 12. Bb5 Rd8 13. Nd4 a6 14. Bxc6
bxc6 15. Qxc6 Qxc6 16. Nxc6 Re8 17. Nxe7+ Rxe7 18. f4 Bg4 19. h3 Bf5 20. b4 Rd7
21. Bb2 Rb8 22. Bd4 g6 0-1

[Event "AUTO-OPEN-303"]
[Site "http://www.queenalice.com/game.php?id=79531"]
[Date "2006.6.23"]
[Round "1"]
[White "dgrecu"]
[Black "rodrigo1976"]
[Result "0-1"]
[WhiteElo "1588"]
[BlackElo "1447"]

1. e4 c5 2. Bc4 d6 3. Nf3 Nf6 4. Ng5 e6 5. O-O Be7 6. d4 h6 7. Nf3 Nxe4 8. Qe2
d5 9. Bb5+ Bd7 10. Bd3 Nf6 11. dxc5 Bxc5 12. h3 Nc6 13. Bf5 O-O 14. c4 exf5 15.
cxd5 Nxd5 16. Qb5 b6 17. Qc4 Nf6 18. Rd1 Re8 19. b4 Bxb4 20. a3 Bc5 21. a4 Ne5
22. Nxe5 Rxe5 23. Nd2 Rc8 24. Qf4 Re2 25. a5 Bxf2+ 26. Kh1 Re1+ 27. Rxe1 Bxe1
28. axb6 axb6 29. Nf3 Bc3 30. Ra3 b5 31. Ra6 b4 32. Ne5 Bxe5 33. Qxe5 Rxc1+ 34.
Kh2 Qe8 35. Ra8 Qxa8 0-1

[Event "AUTO-OPEN-303"]
[Site "http://www.queenalice.com/game.php?id=79532"]
[Date "2006.6.23"]
[Round "1"]
[White "rodrigo1976"]
[Black "dgrecu"]
[Result "0-1"]
[WhiteElo "1507"]
[BlackElo "1400"]

1. d4 d5 2. c4 dxc4 3. Qa4+ c6 4. Qxc4 Be6 5. Qc2 Qxd4 6. Nf3 Qf6 7. e3 Bf5 8.
Bd3 Bxd3 9. Qxd3 Nd7 10. O-O Rd8 11. Rd1 e5 12. e4 Nc5 13. Qxd8+ Qxd8 14. Rxd8+
Kxd8 15. Nxe5 Ke8 16. Nc3 Bd6 17. Nc4 Be7 18. Be3 Nf6 19. Bxc5 Bxc5 20. h3 b5
21. Na5 Kd7 22. Re1 Bb4 23. Nb3 Bxc3 24. bxc3 Re8 25. f3 Kc7 26. Kf1 Nh5 27. Rd1
Ng3+ 28. Kf2 Nh5 29. Nd4 Rd8 30. Nxb5+ cxb5 31. Rxd8 Kxd8 32. Ke3 Kc7 33. Kd4
Kc6 34. a3 a5 35. g4 Nf4 36. h4 Ne2+ 37. Kd3 Ng3 38. f4 g6 39. Kd4 Ne2+ 40. Kd3
Nxf4+ 41. Kd4 Ne6+ 0-1

[Event "AUTO-OPEN-303"]
[Site "http://www.queenalice.com/game.php?id=79551"]
[Date "2006.6.23"]
[Round "1"]
[White "rodrigo1976"]
[Black "fromTheCoast"]
[Result "0-1"]
[WhiteElo "1370"]
[BlackElo "1098"]

1. d4 e6 2. e4 b5 3. Bxb5 c6 4. Bc4 d5 5. exd5 cxd5 6. Bb5+ Nd7 7. Nf3 f5 8. Ne5
Rb8 9. Qh5+ g6 10. Bxd7+ Bxd7 11. Qe2 Bb4+ 12. c3 Ba5 13. Nxd7 Qxd7 14. Bf4 h5
15. Bxb8 Qb7 16. Qxe6+ Ne7 17. Bd6 Bd8 18. Bxe7 Bxe7 19. Qxg6+ Kd8 20. b3 f4 21.
O-O h4 22. h3 a5 23. Nd2 Bf8 24. Qf6+ Be7 25. Qxh8+ Kd7 26. Rfe1 Bd8 27. Qg7+
Kc8 0-1

[Event "AUTO-OPEN-303"]
[Site "http://www.queenalice.com/game.php?id=79552"]
[Date "2006.6.23"]
[Round "1"]
[White "fromTheCoast"]
[Black "rodrigo1976"]
[Result "0-1"]
[WhiteElo "1036"]
[BlackElo "1432"]

1. e4 e5 2. Bd3 Nf6 3. Nf3 Bc5 4. Nxe5 Qe7 5. b4 Bxf2+ 6. Kxf2 Qxe5 7. c3 O-O 8.
g4 Nxe4+ 9. Kf1 Qf4+ 10. Qf3 Qxf3+ 11. Ke1 Qxh1+ 12. Ke2 d6 13. Ba3 Bxg4+ 14.
Ke3 Re8 15. Kd4 c5+ 16. bxc5 dxc5+ 17. Bxc5 Qg1+ 0-1

[Event "AUTO-OPEN-304"]
[Site "http://www.queenalice.com/game.php?id=79897"]
[Date "2006.6.25"]
[Round "1"]
[White "rodrigo1976"]
[Black "pepebacardi"]
[Result "0-1"]
[WhiteElo "1520"]
[BlackElo "1657"]

1. d4 Nf6 2. c4 g6 3. Nc3 Bg7 4. Nf3 d6 5. e4 O-O 6. Be2 e5 7. d5 Nbd7 8. Bg5 h6
9. Bh4 g5 10. Bg3 Nh5 11. Nxe5 Nxg3 12. Nxd7 Nxh1 13. Nxf8 Nxf2 14. Kxf2 Bxc3
15. bxc3 Qf6+ 16. Kg1 Qxc3 17. Ng6 fxg6 18. Bd3 Qd4+ 19. Kh1 Bd7 0-1

[Event "AUTO-OPEN-304"]
[Site "http://www.queenalice.com/game.php?id=79898"]
[Date "2006.6.25"]
[Round "1"]
[White "pepebacardi"]
[Black "rodrigo1976"]
[Result "1-0"]
[WhiteElo "1668"]
[BlackElo "1400"]

1. e4 c5 2. Nf3 d6 3. d4 cxd4 4. Nxd4 Nf6 5. Nc3 g6 6. Bd3 Bg7 7. f3 O-O 8. Bg5
Nc6 9. Nxc6 bxc6 10. Qd2 a5 11. O-O Qb6+ 12. Be3 c5 13. Kh1 Ba6 14. Bxa6 Qxa6
15. b3 Qc6 16. Rad1 Rac8 17. Nd5 Nxd5 18. Qxd5 Qxd5 19. exd5 1-0

[Event "AUTO-OPEN-304"]
[Site "http://www.queenalice.com/game.php?id=79899"]
[Date "2006.6.25"]
[Round "1"]
[White "rodrigo1976"]
[Black "luizao"]
[Result "0-1"]
[WhiteElo "1470"]
[BlackElo "1576"]

1. d4 d5 2. Nf3 Nc6 3. e3 Bg4 4. c4 e6 5. a3 Nf6 6. Nc3 Ne4 7. Bd3 Nxc3 8. bxc3
Bxf3 9. Qxf3 Qf6 10. Qxf6 gxf6 11. cxd5 exd5 12. c4 dxc4 13. Bxc4 Rg8 14. O-O
Ne7 15. d5 Nf5 16. e4 Nd4 17. Bb2 Nc2 18. Ra2 Rg6 19. Bc3 Nxa3 20. Bb3 O-O-O 21.
Bb2 Nb5 0-1

[Event "AUTO-OPEN-304"]
[Site "http://www.queenalice.com/game.php?id=79900"]
[Date "2006.6.25"]
[Round "1"]
[White "luizao"]
[Black "rodrigo1976"]
[Result "1-0"]
[WhiteElo "1599"]
[BlackElo "1447"]

1. e4 c5 2. Bc4 d6 3. Nf3 Nf6 4. Nc3 Nc6 5. Nd5 e6 6. Nxf6+ Qxf6 7. d3 Qd8 8.
Bg5 Be7 9. Bxe7 Nxe7 10. e5 d5 11. Bb5+ Bd7 12. Bxd7+ Qxd7 13. O-O d4 14. c3
dxc3 15. bxc3 O-O 16. d4 cxd4 17. cxd4 Nd5 18. Qd3 h6 19. Qe4 b5 20. Nh4 b4 21.
Rfb1 Nc3 22. Qe3 1-0